00901nam 22002173 4500001000700000090001100007100004100018200004000059210004200099215002800141300007900169327006500248606002900313675002500342700004200367801001800409830002900427990001100456995010800467995010800575202091 a202091 a20240110d u||y0pory50 ba aConta-correntefVergílio Ferreira aAmadoracLivraria Bertrandd1980-1981 a2 volscbrochadod23 cm aContém algumas notas do Prof. Dr. Almeida Faria ao longo dos dois livros avol.1 (1969-1976).- 393 p. vol.2 (1977-1979).- 341, [1] p.  aLiteratura Portuguesa96 a821.134.3-3vPTzpor 91045aFerreirabVergíliof1916-1996 aPTbBMMNgRPC cAna FalardofAna Falardo cLIVROS 002052026-05-08931787bBMMNf31507k821.134.3-3 FER|SAF vol.1o0rLIVROSuAcesso CondicionadosOferta 002052026-05-08931788bBMMNf31508k821.134.3-3 FER|SAF vol.2o0rLIVROSuAcesso CondicionadosOferta